|
|
|
|
| LEADER |
00000nam0a2200000 4500 |
| 001 |
193548 |
| 005 |
20231031182003.0 |
| 010 |
|
|
|a 5762004066
|
| 035 |
|
|
|a (RuTPU)RU\TPU\book\211092
|
| 090 |
|
|
|a 193548
|
| 100 |
|
|
|a 20110324d1990 m y0rusy50 ca
|
| 101 |
0 |
|
|a rus
|
| 102 |
|
|
|a RU
|
| 105 |
|
|
|a ac z 001zy
|
| 200 |
1 |
|
|a Траектория судьбы
|e документальная повесть
|f А. Г. Раппопорт
|
| 210 |
|
|
|a Новосибирск
|c Новосибирское кн. изд-во
|d 1990
|
| 215 |
|
|
|a 200 с.
|c ил.
|
| 320 |
|
|
|a Библиогр.: с. 198.
|
| 600 |
|
1 |
|a Кондратюк
|b Ю. В.
|c специалист в области космонавтики и ракетной техники
|g Юрий Васильевич
|c настоящее имя Александр Игнатьевич Шаргей
|f 1897-1942
|2 stltpush
|3 (RuTPU)RU\TPU\pers\8881
|
| 610 |
1 |
|
|a космические ракеты
|
| 610 |
1 |
|
|a космическое пространство
|
| 610 |
1 |
|
|a космические полеты
|
| 610 |
1 |
|
|a космос
|
| 610 |
1 |
|
|a космонавтика
|
| 675 |
|
|
|a 629.78(09)
|v 3
|
| 700 |
|
1 |
|a Раппопорт
|b А. Г.
|g Александр Григорьевич
|
| 801 |
|
1 |
|a RU
|b 63413507
|c 20110324
|
| 801 |
|
2 |
|a RU
|b 63413507
|c 20161220
|g RCR
|
| 942 |
|
|
|c BK
|